000 00422nam a22001697a 4500
003 OSt
008 240320b |||||||| |||| 00| 0 eng d
020 _a9789048185290
041 _aeng
082 _a631.45 BLA/PR
100 _aBlanco, Humberto
_96149
100 _aRattan Lal
_9450
245 _aPrinciples of soil conservation and management /
260 _aUSA :
_bSpringer,
_c2008.
300 _a617 p.
942 _cBK
999 _c13856
_d13856